书目信息 |
| 题名: |
金属装饰艺术
|
|
| 作者: | 陈伟新 编著 | |
| 分册: | ||
| 出版信息: | 沈阳 辽宁科学技术出版社 1994.11 |
|
| 页数: | 108页 | |
| 开本: | 16开 | |
| 丛书名: | ||
| 单 册: | ||
| 中图分类: | ||
| 科图分类: | ||
| 主题词: | 建筑材料:涂料 , 建筑材料:装饰材料 | |
| 电子资源: | ||
| ISBN: | 7-5381-1863-2 | |
| 000 | 00621nam0 2200217 45 | |
| 001 | 9911010914 | |
| 005 | 20000726094934.7 | |
| 010 | @a7-5381-1863-2@d30.00元 | |
| 100 | @a19991101d1994 km y0chiy0120 ea | |
| 101 | @achi | |
| 105 | @a z 000yy | |
| 200 | 1 | @a金属装饰艺术@AJin Shu Zhuang Shi Yi Shu@f陈伟新,马越编著@FChen Wei Xin,Ma Yue Bian Zhu |
| 210 | @a沈阳@c辽宁科学技术出版社@d1994.11 | |
| 215 | @a108页@d16开 | |
| 606 | 0 | @a建筑材料:涂料 |
| 606 | 0 | @a建筑材料:装饰材料 |
| 690 | @v3 | |
| 690 | @aTU56@v3 | |
| 701 | @a陈伟新@4编著 | |
| 801 | @aCN@bPFTUser@c19991101 | |
| 905 | @dTU56@eCH901@b78959-968@f10 | |
| 金属装饰艺术/陈伟新,马越编著.-沈阳:辽宁科学技术出版社,1994.11 |
| 108页;16开 |
| ISBN 7-5381-1863-2:30.00元 |
| ● |
| 相关链接 |
|
|
|
正题名:金属装饰艺术
索取号:TU56/CH901
 
预约/预借
| 序号 | 登录号 | 条形码 | 馆藏地/架位号 | 状态 | 备注 |
| 1 | 78959 | 200789593 | 自科二线404/404自科库 1排1列2层/ [索取号:TU56/CH901] | 在馆 | |
| 2 | 78960 | 200789600 | 自科二线404/404自科库 1排1列2层/ [索取号:TU56/CH901] | 在馆 | |
| 3 | 78961 | 200789619 | 建筑库201/201建筑库 9排3列2层/ [索取号:TU56/CH901] | 在馆 | |
| 4 | 78962 | 200789628 | 自科二线404/404自科库 1排1列2层/ [索取号:TU56/CH901] | 在馆 | |
| 5 | 78963 | 200789637 | 自科二线404/404自科库 1排1列2层/ [索取号:TU56/CH901] | 在馆 | |
| 6 | 78964 | 200789646 | 自科二线404/404自科库 1排1列2层/ [索取号:TU56/CH901] | 在馆 | |
| 7 | 78965 | 200789655 | 自科二线404/404自科库 1排1列2层/ [索取号:TU56/CH901] | 在馆 | |
| 8 | 78966 | 200789664 | 自科二线404/404自科库 1排1列2层/ [索取号:TU56/CH901] | 在馆 | |
| 9 | 78967 | 200789673 | 建筑库201/201建筑库 9排3列2层/ [索取号:TU56/CH901] | 在馆 | |
| 10 | 78968 | 200789682 | 自科二线404/404自科库 1排4列2层/ [索取号:TU56/CH901] | 在馆 |